El eclipse de Narciso y otros cuentos

Gespeichert in:
Bibliographische Detailangaben
1. Verfasser: Undurraga, Antonio de (VerfasserIn)
Format: Buch
Sprache:Spanisch
Veröffentlicht: Santiago Del Pacífico 1973
Schlagworte:
Tags: Tag hinzufügen
Keine Tags, Fügen Sie den ersten Tag hinzu!

MARC

LEADER 00000nam a2200000 a 4500
001 UCQ6418
003 CL-VaPUC
008 981016e19730000CL |||||||||||||||||spa|d
082 0 4 |a Ch863  |b UND  |2 21 
100 0 |a Undurraga, Antonio de  |e author  |9 420303 
245 1 3 |a El eclipse de Narciso y otros cuentos 
300 |a 271 p 
942 |c BK 
945 |d 19981016 00:00:00  |a crobeson 
260 |a Santiago  |b Del Pacífico  |c 1973 
650 0 |a Cuentos chilenos   |9 308280 
650 0 |a Literatura chilena   |9 308278 
583 |a last modification  |c 19981016 00:00:00  |k Rodrigo Vera 
999 |c 276377  |d 276375 
952 |0 0  |1 0  |4 0  |6 CH_863_000000000000000_UND_1973  |7 0  |8 A  |9 313579  |a BIBEDU  |b BIBEDU  |d 2019-11-20  |i 1481401  |o Ch863 UND 1973  |p 1481401  |r 2019-11-20  |w 2019-11-20  |y BK  |k LIT